Amelia Earhart / (Record no. 1775)

MARC details
000 -LEADER
fixed length control field 01382cam a22003974a 4500
001 - CONTROL NUMBER
control field 1775
003 - CONTROL NUMBER IDENTIFIER
control field FISKH
005 - DATE AND TIME OF LATEST TRANSACTION
control field 20230929082712.0
008 - FIXED-LENGTH DATA ELEMENTS--GENERAL INFORMATION
fixed length control field 011218s2002 nyuab b 001 0beng
010 ## - LIBRARY OF CONGRESS CONTROL NUMBER
LC control number 2001008315
020 ## - INTERNATIONAL STANDARD BOOK NUMBER
International Standard Book Number 0516225227
040 ## - CATALOGING SOURCE
Original cataloging agency DLC
Transcribing agency DLC
Modifying agency DLC
Language of cataloging eng
042 ## - AUTHENTICATION CODE
Authentication code pcc
-- lcac
043 ## - GEOGRAPHIC AREA CODE
Geographic area code n-us---
050 00 - LIBRARY OF CONGRESS CALL NUMBER
Classification number TL540.E3
Item number M333 2002
082 00 - DEWEY DECIMAL CLASSIFICATION NUMBER
Classification number 629.13/092
Edition number 21
100 1# - MAIN ENTRY--PERSONAL NAME
Personal name Mara, Wil.
245 10 - TITLE STATEMENT
Title Amelia Earhart /
Statement of responsibility, etc. by Wil Mara ; consultants, Nanci R. Vargus, Katherine A. Kane.
260 ## - PUBLICATION, DISTRIBUTION, ETC.
Place of publication, distribution, etc. New York :
Name of publisher, distributor, etc. Scholastic,
Date of publication, distribution, etc. 2002.
300 ## - PHYSICAL DESCRIPTION
Extent 31 pages :
Other physical details illustrations ; map ;
Dimensions 19 cm.
490 1# - SERIES STATEMENT
Series statement Rookie biographies
505 ## - FORMATTED CONTENTS NOTE
Formatted contents note Q<br/>
520 ## - SUMMARY, ETC.
Summary, etc. Provides an easy-to-read introduction to the life of Amelia Earhart.
521 8# - TARGET AUDIENCE NOTE
Target audience note 670<br/>
Source Lexile <br/>
521 8# - TARGET AUDIENCE NOTE
Target audience note Q<br/>
Source Raz-Plus<br/>
600 10 - SUBJECT ADDED ENTRY--PERSONAL NAME
Personal name Earhart, Amelia,
Dates associated with a name 1897-1937
Form subdivision Juvenile literature.
600 11 - SUBJECT ADDED ENTRY--PERSONAL NAME
Personal name Earhart, Amelia,
Dates associated with a name 1897-1937.
650 #0 - SUBJECT ADDED ENTRY--TOPICAL TERM
Topical term or geographic name entry element Air pilots
Geographic subdivision United States
Form subdivision Biography
-- Juvenile literature.
650 #0 - SUBJECT ADDED ENTRY--TOPICAL TERM
Topical term or geographic name entry element Women air pilots
Geographic subdivision United States
Form subdivision Biography
-- Juvenile literature.
650 #1 - SUBJECT ADDED ENTRY--TOPICAL TERM
Topical term or geographic name entry element Air pilots.
650 #1 - SUBJECT ADDED ENTRY--TOPICAL TERM
Topical term or geographic name entry element Women
Form subdivision Biography.
830 #0 - SERIES ADDED ENTRY--UNIFORM TITLE
Uniform title Rookie biography.
906 ## - LOCAL DATA ELEMENT F, LDF (RLIN)
a 7
b cbc
c orignew
d 1
e ecip
f 20
g y-gencatlg
942 ## - ADDED ENTRY ELEMENTS (KOHA)
Source of classification or shelving scheme Dewey Decimal Classification
Koha item type Books
Suppress in OPAC No
Holdings
Withdrawn status Lost status Source of classification or shelving scheme Damaged status Not for loan Collection Home library Current library Shelving location Date acquired Total Checkouts Full call number Barcode Date last seen Price effective from Koha item type
    Dewey Decimal Classification     Non-Fiction Footprints International School Library Network Toul Kork Campus Footprints International School Library Network Toul Kork Campus TK Primary Library Room(4th Floor), Bookcase 5&6, Shelves 33-56, Orange Books 09/29/2023   MAR 629.13092 TL540.E3 FISTK03247 09/29/2023 09/29/2023 Books